000 00436 a2200133 4500
005 20250613155751.0
020 _a978-82-8062-669-1
100 _aFJELDSTAD, O
245 _aLifting the Veil of Secrecy: Perspectives on International Taxation and Capital Flight from Africa
260 _aNorway
_bCMI
_c2017
300 _a167p.: ill; Chat, Figure, Table
_c25cm
700 _aJACOBSEN, S. K., RINGSTAD, P. H., NGOWI, H. P
942 _2ddc
_cBKS
999 _c4013
_d4013